LDR 01063naa#a2200181#i#450# 001 RU\\bibl\19933 005 20260701174400.3 100 ## _a20260630b2026####ek#y0rusy0150####ca 102 ## _aRU 200 1# _aПЕРСПЕКТИВНЫЕ МЕТОДЫ АНАЛИЗА И ОБРАБОТКИ ИНФОРМАЦИИ В РАМКАХ КЛАССИЧЕСКИХ ДАЛЬНОДЕЙСТВУЮЩИХ МОДЕЛЕЙ В СЛОЖНОЙ НЕЛИНЕЙНОЙ ФИЗИКЕ _eСтатья/тезисы конференции 210 1# _aВоронеж _cВоронежский государственный лесотехнический университет имени Г.Ф. Морозова _d2026 215 ## _a8 с. 608 ## _aСтатья/тезисы конференции _2local 675 ## _aИсследование поведения объекта на основе его математической модели. 004.942 _z 700 #1 _aДубровин _gА. С. 700 #1 _aСумин _gВ. И. 700 #1 _aКравченко _gАндрей Сергеевич 856 4# _abibl.vgltu.ru _u